Studi in onore di Franca de Marini Avonzo
Guardat en:
| Autor principal: | |
|---|---|
| Format: | Llibre |
| Idioma: | italià |
| Publicat: |
Turín
G. Giappichelli
1999
|
| Col·lecció: | Università degli Studi di Genova
|
| Matèries: | |
| Etiquetes: |
Afegir etiqueta
Sense etiquetes, Sigues el primer a etiquetar aquest registre!
|
MARC
| LEADER | 00000nam a2200000 a 4500 | ||
|---|---|---|---|
| 001 | UCM0961 | ||
| 003 | CL-VaPUC | ||
| 005 | 20220106074430.0 | ||
| 008 | 020322e19990000IT |||||||||||||||||ita|d | ||
| 999 | |c 299689 |d 299687 | ||
| 040 | |c Pontificia Universidad Católica de Valparaíso | ||
| 082 | 0 | 4 | |a 340.54 BIA 1999 |2 21 |
| 100 | 0 | |a Bianchini, Mariagrazia |9 467933 | |
| 245 | 1 | 0 | |a Studi in onore di Franca de Marini Avonzo |
| 260 | |a Turín |b G. Giappichelli |c 1999 | ||
| 300 | |a 385 páginas | ||
| 490 | 0 | |a Università degli Studi di Genova | |
| 583 | |a last modification |c 20020322 00:00:00 |k Rodrigo Vera | ||
| 600 | 0 | 7 | |a DE MARINI AVONZO, FRANCA |2 CL-VaPUC |9 467934 |
| 600 | 0 | 7 | |a WEBER, MAX |2 CL-VaPUC |9 314708 |
| 600 | 0 | 7 | |a BENTHAM, JEREMY |2 CL-VaPUC |9 395045 |
| 650 | 0 | |a Derecho romano |9 255930 | |
| 650 | 0 | |a Positivismo jurídico |9 255992 | |
| 650 | 0 | |a Derecho marítimo |9 255301 | |
| 650 | 0 | |a Derecho constitucional |9 222588 | |
| 650 | 0 | |a Jueces |9 256162 | |
| 942 | |c BK |2 ddc | ||
| 945 | |d 20020322 00:00:00 |a vberengu | ||
| 952 | |0 0 |1 0 |2 ddc |4 0 |6 340_540000000000000_BIA_1999 |7 0 |8 DER_HIS |9 356563 |a BIBDER |b BIBDER |d 2019-11-21 |i 3741680 |l 1 |o 340.54 BIA 1999 |p 3741680 |r 2023-01-25 |s 2020-03-18 |t 1 |w 2019-11-21 |x Ubicación 4to Piso |y BK |z Estos recursos deben solicitarse con anticipación |k DER | ||